Correspondencia del Obispo de Puebla sobre el mandato de que por razón del puesto de Teniente de Capitán General, pueda tener tapete y silla en la parroquia de Cholula en la persona de don Diego Centeno, alcalde mayor de Cholula.

Detalles Bibliográficos
Otros Autores: Diego Çenteno
Formato: Libro
Publicado: Puebla de los Ángeles, 1677
Materias:
Colección:Banco de datos
Acervo:Biblioteca Palafoxiana. Colección de Manuscritos
Descripción Física:2 f. ; 21.5 x 31.5 cm.
Tema general:Eclesiástica
LEADER 00590nam a22001450004500
035 |a 1811 
245 1 0 |a Correspondencia del Obispo de Puebla sobre el mandato de que por razón del puesto de Teniente de Capitán General, pueda tener tapete y silla en la parroquia de Cholula en la persona de don Diego Centeno, alcalde mayor de Cholula. 
260 |a Puebla de los Ángeles, 1677 
300 |a 2 f. ; 21.5 x 31.5 cm. 
650 1 0 |a Eclesiástica 
700 1 |a Diego Çenteno 
949 |a 32390/008 
942 |c PALAMANU 
943 |g Biblioteca Palafoxiana. Colección de Manuscritos 
999 |c 1069756  |d 1069756